000 00844nam a2200253 a 4500
001 77507
003 BD-RjUL
005 20211209082959.0
008 201006s1954 enka 000 0 eng d
035 _a(BD-RjUL)77732
040 _aDLC
_cWSU
_dSER
_dUKM
_dEQO
_dBD-RjUL
_beng
041 _aeng
082 _a822.33
_bHUO 1954
100 1 _aHunt, Hugh,
_d1911-1993
_9241763
245 1 0 _aOld Vic prefaces :
_bShakespeare and the producer /
_cHugh Hunt.
260 _aLondon :
_bRoutledge & Paul,
_c1954.
300 _a193 p. :
_billus.;
_c22 cm.
600 1 0 _aShakespeare, William,
_d1564-1616
_xStage history
_zEngland.
_9241767
600 1 0 _aShakespeare, William,
_d1564-1616
_xCriticism and interpretation.
_9241768
610 2 0 _aOld Vic Theatre (London, England).
_9241769
942 _2ddc
_cBK
999 _c77507
_d77507